000 00369nam a2200169Ia 4500
001 11639
003 GE_BSU
008 181216s||||||||xx |||||||||||||| ||und||
040 _cGE_BSU
245 4 _aThe Economist, August 16th-22nd 2014
245 _bNumber 8900
260 _aParis
260 _c2014
300 _a70pg;27sm.
653 _aThe Economist
942 _cCR
999 _c44826
_d44826